000 00762nam a22002417a 4500
005 20250701115448.0
008 250701b |||||||| |||| 00| 0 eng d
020 _a978-1-84172-756-3 (pbk)
037 _cTB
040 _aCRL
_cCRL
041 _2eng
_aeng
084 _a2:55 R1
_qCRL
100 _aHolt, Kristen
_9814945
245 _aCataloging library resources:
_bAn introduction
260 _aNew York, USA:
_bLarsen & Keller,
_c2021.
300 _aviii, 237p.
365 _b74.90
_cUSD
490 _aTextbook series
650 _aLibrary Science
650 _aCataloguing
_9177929
942 _2CC
_cTB
_h2:55 R1
_n0
999 _c1433136
_d1433136